000 00520nam a22001937i 4500
001 4007
003 OSt
005 20170126082326.0
007 tu
008 161220s1998 xxu||||| |||| 00| 0 d
024 7 _a4006
_2RID
040 _cOSt
084 _a15.22
_2z
100 1 _aGroßmann, Harald
245 0 0 _aIntegration der Märkte und wettbewerbspolitischer Handlungsbedarf
260 _aHamburg :
_bHWWA-Institut für Wirtschaftsforschung,Hamburg,
_c1998.
300 _a25 S. ;
_c30cm.
490 _aHWWA-Diskussionspapier
_v65
942 _cB
999 _c3939
_d3939